BUBT Library Online Catalog

1971 Our War of Liberation/ (Record no. 6942)

000 -LEADER
fixed length control field 00731nam a22002177a 4500
003 - CONTROL NUMBER IDENTIFIER
control field BUBTL
008 - FIXED-LENGTH DATA ELEMENTS--GENERAL INFORMATION
fixed length control field 230201b ||||| |||| 00| 0 eng d
020 ## - INTERNATIONAL STANDARD BOOK NUMBER
International Standard Book Number 9789849291824
082 ## - DEWEY DECIMAL CLASSIFICATION NUMBER
Classification number 954.92/ M3111n/ 2018
100 ## - MAIN ENTRY--PERSONAL NAME
9 (RLIN) 5185
Personal name Mamoon, Muntassir
245 ## - TITLE STATEMENT
Title 1971 Our War of Liberation/
Statement of responsibility, etc. Muntassir Mamoon
250 ## - EDITION STATEMENT
Edition statement 1st Edn
260 ## - PUBLICATION, DISTRIBUTION, ETC. (IMPRINT)
Place of publication, distribution, etc. Dhaka:
Name of publisher, distributor, etc. Journeyman Books,
Date of publication, distribution, etc. c2018
300 ## - PHYSICAL DESCRIPTION
Extent 83 p.:
Other physical details ills.;
Dimensions 16 cm.
505 ## - FORMATTED CONTENTS NOTE
Formatted contents note 1971, Liberation War, 1971 Our War of Liberation, Muntassir Mamoon, মুক্তিযুদ্ধ
650 #0 - SUBJECT ADDED ENTRY--TOPICAL TERM
9 (RLIN) 4963
Topical term or geographic name as entry element Liberation war
650 #0 - SUBJECT ADDED ENTRY--TOPICAL TERM
9 (RLIN) 1755
Topical term or geographic name as entry element মুক্তিযুদ্ধ
856 ## - ELECTRONIC LOCATION AND ACCESS
Password 0
Logon 0
Link text Download
942 ## - ADDED ENTRY ELEMENTS (KOHA)
Source of classification or shelving scheme
Koha item type Books
Holdings
Withdrawn status Lost status Source of classification or shelving scheme Damaged status Not for loan Collection code Permanent location Current location Shelving location Date acquired Source of acquisition Inventory number Total Checkouts Full call number Barcode Date last seen Copy number Price effective from Koha item type
          Non-fiction Bangladesh University of Business and Technology Library Bangladesh University of Business and Technology Library Historical Books 11/03/2022 Purchase 29145   954.92/ M3111n/ 2018 BUBTL-200329145 02/01/2023 C-1 02/01/2023 Books
          Non-fiction Bangladesh University of Business and Technology Library Bangladesh University of Business and Technology Library Historical Books 11/03/2022 Purchase 29146   954.92/ M3111n/ 2018 BUBTL-200329146 02/01/2023 C-2 02/01/2023 Books
          Non-fiction Bangladesh University of Business and Technology Library Bangladesh University of Business and Technology Library Historical Books 11/03/2022 Purchase 29147   954.92/ M3111n/ 2018 BUBTL-200329147 02/01/2023 C-3 02/01/2023 Books
          Non-fiction Bangladesh University of Business and Technology Library Bangladesh University of Business and Technology Library Historical Books 11/03/2022 Purchase 29148   954.92/ M3111n/ 2018 BUBTL-200329148 02/01/2023 C-4 02/01/2023 Books
          Non-fiction Bangladesh University of Business and Technology Library Bangladesh University of Business and Technology Library Historical Books 11/03/2022 Purchase 29149   954.92/ M3111n/ 2018 BUBTL-200329149 02/01/2023 C-5 02/01/2023 Books

More Information About Library

Library Hours

  • Open: 9.00 am. to 9.00 pm.
  • Only Sunday: 9.00 am. to 6.00 pm.
  • Closed: Holiday

Contact to the University

Bangladesh University of Business and Technology Library

  • Mirpurl-2, 1216.
  • Phone:
  • Fax:
  • E-Mail: admin.library@bubt.edu.bd

Contact to the Library

Contact Person:

Md. Abdul Hakim Shah
Joint Librarian
PABX No:  113
Cell No: 01816332931
E-mail: official: admin.library@bubt.edu.bd
Personal: hakim.shah@bubt.edu.bd


BUBT Library

Copyright © 2021